Dopravě chybí lidi za volantem

Európska cesta a dialnica sú plné kamiónov prevážajúcich tovar. V každom kamióne musí sedieť šofér, ktorý svoje vozidlo a náklad bezpečne dopraví od odosielateľa k príjemcovi. Šoférov je však málo a prepravné firmy by čokoľvek urobili, len aby získali nových mužov a ženy za volant.

Uložené v:
Podrobná bibliografia
Hlavný autor: Toman, Pavel
Médium: Kapitola
Jazyk:Czech
Predmet:
Tagy: Pridať tag
Žiadne tagy, Buďte prvý, kto otaguje tento záznam!

MARC

LEADER 00000naa a2200000 4500
001 0277721
005 20210805111524.4
041 0 |a cze 
044 |a CZ 
245 1 0 |a Dopravě chybí lidi za volantem  |c Pavel Toman 
520 |a Európska cesta a dialnica sú plné kamiónov prevážajúcich tovar. V každom kamióne musí sedieť šofér, ktorý svoje vozidlo a náklad bezpečne dopraví od odosielateľa k príjemcovi. Šoférov je však málo a prepravné firmy by čokoľvek urobili, len aby získali nových mužov a ženy za volant. 
610 2 0 |a doprava nákladná 
610 2 0 |a automobily nákladné 
610 2 0 |a vodiči 
610 2 0 |a podmienky pracovné 
610 2 0 |a podnik dopravný 
610 2 0 |a ponuka práce 
610 2 0 |a problémy globálne 
100 1 |a Toman, Pavel